Young scientist : volume 2

Bibliographic Details
Format: Book
Published: U.S.A : World Book Inc , 2001
Subjects:

MARC

LEADER 00000cam a2200000 7i4500
001 0000007668
005 20121029.0
008 070905
020 |a 071666383X 
090 0 0 |a SC   |b ENG 
245 0 0 |a Young scientist :   |b volume 2 
260 |a U.S.A :   |b World Book Inc ,   |c 2001 
650 0 |a Conservation   |x Juvenile literature 
650 0 |a Human body   |x Juvenile literature 
650 0 |a Junior fiction   |x English   |x Languages 
999 |a 0000990699   |b Book   |c REFERENCE   |e Cawangan Pontian 
999 |a 0000990700   |b Book   |c Teenagers   |e Perbadanan Perpustakaan Awam Johor 
999 |a 0000990701   |b Book   |c Children Collection   |e Cawangan Pontian 
999 |a 0000990702   |b Book   |c Children Collection   |e Cawangan Taman Universiti 
999 |a 0001053726   |b Book   |c Children Collection   |e Cawangan Batu Pahat 
999 |a 0001053727   |b Book   |c Children Collection   |e Cawangan Bukit Gambir 
999 |a 0001053728   |b Book   |c Children Collection   |e Cawangan Tangkak